Reklama ako nástroj odbytovej politiky diplomová práca

Salvato in:
Dettagli Bibliografici
Autore principale: Klempa, Tomáš
Ente Autore: Fakulta podnikového manažmentu EU. Katedra podnikovohospodárska
Altri autori: Víghová, Agneša
Natura: Libro
Lingua:slovacco
Pubblicazione: Bratislava 2009
Tags: Aggiungi Tag
Nessun Tag, puoi essere il primo ad aggiungerne!!

MARC

LEADER 00000nam$a2200000$$$4500
001 0101419
005 20240319130310.0
041 0 |a slo 
044 |a SK 
245 1 0 |a Reklama ako nástroj odbytovej politiky  |b diplomová práca  |c Tomáš Klempa ; škol. Agneša Víghová 
264 1 |a Bratislava  |c 2009 
300 |a 72 s. 
100 1 |a Klempa, Tomáš 
700 1 |a Víghová, Agneša 
710 2 |a Fakulta podnikového manažmentu EU. Katedra podnikovohospodárska